000 00634nam a22002057a 4500
999 _c7875
_d7875
003 AR-CdUCM
008 190321b ||||| |||| 00| 0 spa d
040 _aMUNICIPALIDAD PROVINCIAL DEL CUSCO
_cBIBLIOTECA MUNICIPAL DEL CUSCO
082 _a818.5 /
_bS19
100 _aSandburg, Carl
_922267
245 _aVida inquieta /
260 _aBuenos Aires :
_bArgentina,
_c1964.
300 _a183 Paginas ;
_c17 cm.
505 _aContenido ; Prologo -- Pueblo de llanura -- Mi gente -- Un joven republicano ...
650 _aSociedad
_953
650 _aCostumbres
_9230
650 _aPolĂ­tica
_9291
942 _2ddc
_cLIBROS
945 _arah